000 00361nam a22001577a 4500
005 20160518120441.0
008 160518b xxu||||| |||| 00| 0 eng d
020 _a0-07-048694-8
041 _aeng
082 _b2900
245 _aBasic Business Communication
260 _aNew Delhi
_bTMH,
_c2002
300 _a592
650 _aManagement
_9241
942 _cBK
999 _c1015
_d1015